000 00383nam a22001577a 4500
003 LK-CoMWRAF
005 20230922220329.0
008 230922b1965 |||||||| |||| 00| 0 eng d
040 _aLK-CoMWRAF
_dLK-CoMWRAF
_eLK-CoMWRAF
041 _aeng
082 _a294.59
_bUPA
245 _aThe Upanishads
260 _aMiddlesex :
_bPenguin books
_c1965
650 _aUpanishads
942 _cBK
999 _c3619
_d3619